All 50k+ Cities in Uruguay with a Map - Statistics

General Stats
  • This quiz has been taken 911 times
  • The average score is 5 of 9
Answers on the Map
Answers color-coded by a green-red scale on the quiz's map according to % correct below.
 
Answer Stats
Population City % Correct
1,304,687 Montevideo
100%
104,011 Salto
66%
76,412 Paysandú
54%
64,465 Rivera
52%
62,590 Maldonado
50%
54,755 Tacuarembó
48%
51,830 Melo
43%
95,176 Ciudad de la Costa
39%
71,258 Las Piedras
36%
No matching quizzes found
Score Distribution
Percent of People with Each Score
Percentile by Number Answered
Your Score History
You have not taken this quiz